El centauro /

Guardado en:
Autor Principal: Updike, John
Formato: Libro
Publicado: España : Bruguera, 1980
Materias:
Etiquetas: Agregar Etiqueta
Sin Etiquetas, Sea el primero en etiquetar este registro!
LEADER 00452nam a22001815a 4500
001 CEM.cems006389
005 20060214000000.0
008 130507s1980##################000#0#####d
003 CEMS
082 0 4 |a 813.5 
100 1 |a Updike, John 
245 1 0 |a El centauro / 
260 |a España :  |b Bruguera,  |c 1980 
300 |a 351 p. 
653 |a Literatura 
653 |a Novela eeuu 
653 |a Novelas 
859 |a CEMS  |b BIB. CEMS - 11 de abril  |h 813.5  |i Up1  |p 15920.90  |t Ej.1